000 01565nam a2200301 4500
003 EC-UNACH
005 20260219091413.0
006 s||||gr|||| 00| 00
008 150116t9999 mx r gr 000 0 spa d
040 _aEC-UNACH
_cEC-UNACH
041 _aspa
082 0 4 _223
_a802
_bL018600
110 _aIlustre Municipio del cantón Riobamba
245 _aEscritoras Chimboracenses
_bTomo #1
250 _aPrimera edición
264 _aRiobamba - Ecuador
_bKidam Imprenta y Medios Digitales
_c2025
300 _a237 páginas
_bFotografías
501 _aIncluye índice
505 _aMaría Elena Alsina -- Aída Beatriz Beltrán Rosero -- Margoth Brito Calero -- Sonia María Bustos Navarrete -- Elsy Cabrera -- María Paola Calderón Saltos -- Lucía Elena Costales Terán -- Susana Costales Terám -- Jacqueline Costales -- Dolores Diaz -- Socorro Freire -- Castula García Mora -- Silvia García -- María Elena Haro Cisneros -- Nancy Leonor Haro Pontón -- Carmita Cecilia Miranda Escobar -- Adela Irene Moscoso Valarezo -- Gladys Muñoz Guerrero -- Lorena Naranjo -- Teresa Neira Rodriguez -- Gradys Paredes Genoveva Ponce Naranjo -- Piedad Robalino Maité Belén Romero Pérez -- Antonela Mishell Santamaría Vaca -- Yony Sarango -- Leonor Tene -- Nancy Usca -- Elsa Fabiola Yánez Cuadrado.
650 _aPOEMAS
650 _aANALOGÍAS
650 _aVERSOS
650 _aPOESÍA
942 _2ddc
_c1
999 _c14364